Direito tributário : (Record no. 501)

MARC details
000 -LÍDER
Campo Fixo de Controle 01009nam a2200301 a 4500
001 - NÚMERO DE CONTROLE
Campo de Controle 501
003 - IDENTIFICAÇÃO DO NÚMERO DE CONTROLE
Campo de Controle BR-CuiBMT
005 - DATA E HORA DA ÚLTIMA ATUALIZAÇÃO
Campo de Controle 20231127030501.0
008 - DADOS FIXOS
Dados Fixos 231108s2008 rjba 000 0 por d
020 ## - INTERNATIONAL STANDARD BOOK NUMBER
Nº do ISBN 9788535231076
040 ## - AGÊNCIA CATALOGADORA
Código da Agência Catalogadora BR-CuiBMT
Agência que transcreveu o registro BR-CuiBMT
080 ## - Nº DA CLASSIFICAÇÃO DECIMAL UNIVERSAL
Nº edição CDU 2007
Nº Class. CDU 34:336.2
090 ## - NÚMERO DE CHAMADA
Nº classificação 34:336.2
Cutter B726d
Ano/Edição 23. ed.
100 1# - ENTRADA PRINCIPAL -- AUTOR PESSOAL
Nome pessoal Borba, Cláudio
245 10 - TÍTULO PRINCIPAL
Título principal Direito tributário :
Subtítulo teoria e questões /
Indicação de responsabilidade Claudio Borba.
250 ## - EDIÇÃO
Edição 23. ed., atual.
260 ## - PUBLICAÇÃO, DISTRIBUIÇÃO, ETC.
Local de publicação Rio de Janeiro :
Editora Elsevier,
Data 2008.
300 ## - DESCRIÇÃO FÍSICA
N. páginas ou volumes 543 p. :
Ilustrações il. ;
Dimensões 22 cm
490 1# - INDICAÇÃO DE SÉRIE
Título da série Provas e concursos
500 ## - NOTAS GERAIS
Notas gerais Informação retirada da capa. atualizada até a EC nº 56/2007, pelo novo código civil e atualizações do código de processo civil e pela lei complementar nº 127/2007.
504 ## - NOTA DE BIBLIOGRAFIA, ETC.
Nota de bibliografia Inclui bibliografia.
650 ## - ASSUNTO TÓPICO
Cabeçalho tópico ou nome geográfico Direito tributário
650 ## - ASSUNTO TÓPICO
Cabeçalho tópico ou nome geográfico Competência tributária
650 ## - ASSUNTO TÓPICO
Cabeçalho tópico ou nome geográfico Crédito tributário
650 ## - ASSUNTO TÓPICO
Cabeçalho tópico ou nome geográfico Ilícito fiscal
830 #0 - ENTRADA SECUNDÁRIA DE SÉRIE -- TÍTULO UNIFORME
Título uniforme Provas e concursos
942 ## - ELEMENTOS DE ENTRADA ADICIONAIS (KOHA)
Fonte de classificação ou esquema de arquivamento Classificação Decimal Universal
Tipo de item do Koha Livros
Holdings
Estado: removido Estado: perdido Fonte de classificação ou esquema de arquivamento Estado: danificado Indisponível para empréstimo Localização permanente Localização atual Data de aquisição Total Checkouts Número de Chamada completo Código de barras Date last seen Número do exemplar Preço efetivo a partir de Tipo de item (Koha)
    Classificação Decimal Universal     Biblioteca da Escola Superior de Contas do TCE/MT Biblioteca da Escola Superior de Contas do TCE/MT 23/09/2008   34:336.2 B726d BIBTCEMT23110262 08/11/2023 Ex. 1 08/11/2023 Livros

Powered by Koha